Kultúra ako faktor rozvoja a stability európskeho priestoru dizertačná práca
Na minha lista:
| Autor principal: | |
|---|---|
| Autor Corporativo: | |
| Outros Autores: | |
| Formato: | Livro |
| Idioma: | eslovaco |
| Publicado em: |
Bratislava
2012
|
| Assuntos: | |
| Tags: |
Sem tags, seja o primeiro a adicionar uma tag!
|
MARC
| LEADER | 00000nbm a2200000 4500 | ||
|---|---|---|---|
| 001 | 0159778 | ||
| 005 | 20230324115344.0 | ||
| 041 | 0 | |a slo | |
| 044 | |a SK | ||
| 245 | 1 | 0 | |a Kultúra ako faktor rozvoja a stability európskeho priestoru |b dizertačná práca |c Tatiana Tökölyová ; školiteľ: Marta Zágoršeková |
| 264 | 1 | |a Bratislava |c 2012 | |
| 300 | |a 171 s. | ||
| 610 | 2 | 0 | |a integrácia ekonomická medzinárodná |
| 610 | 2 | 0 | |a integrácia |
| 610 | 2 | 0 | |a stabilita politická |
| 610 | 2 | 0 | |a stabilizácia hospodárstva |
| 610 | 2 | 0 | |a kultúra |
| 610 | 2 | 0 | |a únie menové |
| 610 | 2 | 0 | |a trh spoločný |
| 100 | 1 | |a Tökölyová, Tatiana | |
| 700 | 1 | |a Zágoršeková, Marta | |
| 710 | 2 | |a Fakulta medzinárodných vzťahov EU. Katedra medzinárodných politických vzťahov | |